LDR 01075naa#a2200181#i#450# 001 RU\\bibl\118734 005 20260514110150.4 011 ## _a1994-4683 100 ## _a20230428b2023####ek#y0rusy0150####ca 102 ## _aRU 200 1# _aСОДЕРЖАНИЕ И МЕТОДИКА ОЦЕНКИ УРОВНЯ ПРОФЕССИОНАЛЬНОЙ КОМПЕТЕНТНОСТИ ТРЕНЕРОВ ПО ФИТНЕСУ _eЖурнальная статья 210 1# _aМосква _cНациональный государственный Университет физической культуры, спорта и здоровья им. П.Ф. Лесгафта _d2023 215 ## _a5 с. 608 ## _aЖурнальная статья _2local 675 ## _aКадры любительского спорта: преподаватели физкультуры, инструкторы, тренеры, обслуживающий персонал, сопровождающие лица. 796.077.4 _z 700 #1 _aПарфенова _gА М 700 #1 _aТретьякова _gН В 856 4# _auchzapiski.lesgaft.spb.ru _u